000 04633cam a22004578i 4500
001 21576332
003 JO-AjAnu
005 20231127111419.0
008 200620s2021 nyu b 001 0 eng
010 _a 2020027098
020 _a9780367341947
_q(paperback)
020 _a9780367341930
_q(hardback)
020 _z9780429324420
_q(ebook)
040 _aDNAL/DLC
_beng
_erda
_cDLC
_dJO-AjAnu
042 _apcc
050 0 0 _aHD9000.5
_b.B323 2021
070 0 _aHD9000.5
_b.B376 2021
082 0 0 _a630.68
_223
100 1 _aBarnard, Freddie L.,
_eauthor.
245 1 0 _aAgribusiness management /
_cFreddie L. Barnard, John Foltz, Elizabeth A. Yeager, Brady Brewer.
250 _aSixth edition.
263 _a2012
264 1 _aNew York, NY :
_bRoutledge,
_c2021.
300 _apages cm
336 _atext
_btxt
_2rdacontent
337 _aunmediated
_bn
_2rdamedia
338 _avolume
_bnc
_2rdacarrier
504 _aIncludes bibliographical references and index.
505 0 _aPART 1. Agribusiness Management: Scope, Functions, and Tasks -- Chapter 1 - The Business of Agribusiness -- Chapter 2 - Managing the Agribusiness -- Chapter 3 - Economics for Agribusiness -- PART 2. Agribusiness Management: Organization and Context -- Chapter 4 - The Organization of an Agribusiness -- Chapter 5 - International Agribusiness -- PART 3. Marketing Management for Agribusiness -- Chapter 6 - Strategic Market Planning -- Chapter 7 - The Marketing Mix -- Chapter 8 - Tools for Marketing Decisions -- PART 4. Financial Management for Agribusiness -- Chapter 9 - Understanding Financial Statements -- Chapter 10 - Analyzing Financial Statements -- Chapter 11 - Financing the Agribusiness -- Chapter 12 - Tools for Evaluating Operating Decisions -- Chapter 13 - Tools for Evaluating Investment Decisions -- PART 5. Operations Management for Agribusiness -- Chapter 14 - Production Planning and Management -- Chapter 15 - Supply Chain Management in Agribusiness -- PART 6. Human Resources Management for Agribusiness -- Chapter 16 - Managing Organizational Structure -- Chapter 17 - Managing Human Resources in Agribusiness.
520 _a"This sixth edition of Agribusiness Management provides students and managers with a fundamental understanding of the key concepts needed to successfully manage agribusinesses in a rapidly changing, high-tech, consumer-oriented, and uncertain world. The text uses four specific approaches to help readers develop and enhance their capabilities as agribusiness managers. First, it offers a contemporary focus that reflects the issues that agribusiness managers face today and are likely to face tomorrow. Second, the book presents conceptual material in a pragmatic way with illustrations and examples that will help the reader understand how a specific concept works in practice. Third, the book has a decision-making emphasis, providing contemporary tools that readers will find useful when making decisions in the contemporary business environment. Finally, Agribusiness Management offers a pertinent set of discussion questions and case studies that will allow the reader to apply the material covered in real-world situations. This edition has been updated throughout with new examples and data, as well as additional material on succession planning and managing human resources. This book is an ideal text for all courses on management in the agribusiness industry. The work is fully supported by a Companion Website which provides users with additional materials such as multiple choice questions, discussion questions, and PowerPoint slides for each chapter. Freddie L. Barnard is Professor Emeritus in the Department of Agricultural Economics at Purdue University, USA. John Foltz is Professor and Chair of the Department of Animal Sciences at Ohio State University, USA. Elizabeth A. Yeager is an Associate Professor in the Department of Agricultural Economics at Kansas State University, USA. Brady Brewer is an Assistant Professor in the Department of Agricultural Economics at Purdue University, USA"--
_cProvided by publisher.
530 _aIssued also in electronic format.
650 0 _aAgricultural industries
_xManagement.
650 0 _aAgriculture
_xEconomic aspects.
700 1 _aFoltz, John C.,
_eauthor.
700 1 _aYeager, Elizabeth A.,
_d1985-
_eauthor.
700 1 _aBrewer, Brady,
_eauthor.
776 0 8 _iOnline version:
_aBarnard, Freddie L.,
_tAgribusiness management
_bSixth edition.
_dNew York, NY : Routledge, 2021.
_z9780429324420
_w(DLC) 2020027099
906 _a7
_bcbc
_corignew
_d1
_eecip
_f20
_gy-gencatlg
942 _2lcc
_cBK
_n0
999 _c33162
_d33162